| 000 | 00567nam a2200217 a 4500 | ||
|---|---|---|---|
| 001 | 0001-2067 | ||
| 003 | ELIB.Books | ||
| 008 | 190722 2010 eng | ||
| 020 | _a13: 9781566993203 | ||
| 092 |
_a230.044 _bRob |
||
| 100 | _aRobinson, Anthony B | ||
| 245 | _aWhat's Theology got to do with it? | ||
| 260 |
_aVirginia _bThe Alban Institute _c2006 |
||
| 300 |
_a238 _c23cm |
||
| 650 | _aTheology | ||
| 856 |
_nKBTS Library _uKBTS Elib |
||
| 942 |
_2ddc _cBK |
||
| 990 | _a5 | ||
| 998 |
_aEnglishbooks.elf _ccat _e2019-07-22 |
||
| 999 |
_c12067 _d12067 |
||